| 000 | 01135nam a2200229Ia 4500 | ||
|---|---|---|---|
| 008 | 0000002001 sp ad 0000000000spa00 | ||
| 090 | _aPSP00 W34f | ||
| 100 | 1 | _aWilson, Adolfo | |
| 245 | 1 | 0 |
_aFelicidad Moreno _b: febrero marzo 2001 _c/ texto Adolfo Wilson ; fotografías Mateo Gamón |
| 300 |
_a43 p. _c/ 28 cm. |
||
| 500 | _aExposición realizada en la Galería Luis Adelantado de Valencia, España entre febrero y marzo de 2001 \ Incluye datos biográficos y cronología artística \ Donación Galería Nueve Ochenta, Bogotá 2014 | ||
| 501 | _aTEXTO: La pintura de Felicidad Moreno, o un itinerario por parajes del vértigo y la ensoñación / Adolfo Wilson | ||
| 600 | 0 | 0 |
_a MORENO, FELICIDAD, 1959/ _xTRABAJOS PICTORICOS |
| 650 | 1 | 4 | _a PINTURA ESPAÑOLA |
| 650 | 1 | 4 | _aARTE CONTEMPORANEO ESPAÑOL |
| 650 | 1 | 4 | _aARTISTAS PLASTICOS ESPAÑOLES |
| 650 | 1 | 4 | _xCATALOGOS |
| 650 | 1 | 4 | _xEXPOSICIONES |
| 650 | 1 | 4 | _aPINTORES ESPAÑOLES |
| 999 |
_c15437 _d15437 |
||
| 260 |
_aValencia (España) : Galería Luis Adelantado _c2001 |
||